000 00555nam a2200241Ia 4500
005 20260306150304.0
008 008 260114s9999 xx 000 0 eng d
020 _a9781503641242
037 _aEbook
040 _aCRL
040 _beng
040 _cCRL
041 _2eng
041 _aeng
084 _qCRL
245 0 _aBillie’s Bent Elbow
260 _bStanford University Press
260 _c2025
650 _aPhilosophy
856 _uhttps://www.degruyter.com/isbn/9781503641242
942 _cEBOOK
999 _c1695425
_d1695425